El pensamiento lateral: manual de creatividad
Сохранить в:
| Главный автор: | |
|---|---|
| Формат: | |
| Язык: | испанский |
| Опубликовано: |
Buenos Aires
Paidós
2000
|
| Редактирование: | 2a. ed |
| Предметы: | |
| Метки: |
Добавить метку
Нет меток, Требуется 1-ая метка записи!
|
MARC
| LEADER | 00000nam a2200000 a 4500 | ||
|---|---|---|---|
| 001 | UCL1052 | ||
| 003 | CL-VaPUC | ||
| 005 | 20231113122711.0 | ||
| 008 | 030829e20000000AG |||||||||||||||||spa|d | ||
| 999 | |c 304734 |d 304732 | ||
| 020 | |a 9501290697 | ||
| 040 | |c Pontificia Universidad Católica de Valparaíso | ||
| 082 | 0 | 4 | |a 153.42 |b BON |2 21 |
| 100 | 0 | |a Bono, Edward de |e author |9 475301 | |
| 245 | 1 | 3 | |a El pensamiento lateral: manual de creatividad |
| 250 | |a 2a. ed | ||
| 260 | |a Buenos Aires |b Paidós |c 2000 | ||
| 300 | |a 320 p | ||
| 583 | |a last modification |c 20030829 00:00:00 |k Rodrigo Vera | ||
| 650 | 0 | |a Pensamiento creativo |9 310706 | |
| 650 | 0 | |a Habilidad creativa |9 883529 | |
| 942 | |c BK |2 ddc | ||
| 945 | |d 20030829 00:00:00 |a cmena | ||
| 952 | |0 0 |1 0 |4 0 |6 153_420000000000000_BON_2000 |7 0 |8 A |9 367430 |a BIBCUR |b BIBCUR |d 2019-11-21 |i 3935523 |o 153.42 BON 2000 |p 3935523 |r 2025-04-22 |w 2019-11-21 |y BK |k PER | ||
| 952 | |0 0 |1 0 |4 0 |6 153_420000000000000_BON_2000 |7 0 |8 A |9 367431 |a BIBEDU |b BIBEDU |d 2019-11-21 |i 4050665 |o 153.42 BON 2000 |p 4050665 |r 2019-11-21 |w 2019-11-21 |y BK |k PSI | ||